[Event "4NCL Online Division 5"]
[Site "online"]
[Date "2020.10.20"]
[Round "5.93"]
[White "Berry, Steve"]
[Black "Litherland, Reuben"]
[Result "1-0"]
[WhiteElo "1472"]
[BlackElo "1375"]
[PlyCount "77"]
[EventDate "2020.10.20"]
[WhiteTeam "Warley and Quinborne"]
[BlackTeam "Sheffield Deaf"]

1. e4 e6 2. Nf3 d5 3. exd5 exd5 4. d4 Bd6 5. Nc3 Nf6 6. Bg5 Be6 7. Bd3 h6 8.
Bh4 O-O 9. O-O Nc6 10. a3 Bg4 11. Be2 Be7 12. h3 Bxf3 13. Bxf3 Ne4 14. Bxe7
Qxe7 15. Nxd5 Qe6 16. Nxc7 Qe7 17. Nxa8 Rxa8 18. Re1 f5 19. Qd3 Re8 20. Re3 g6
21. Rae1 Qh4 22. Bxe4 fxe4 23. Rxe4 Rxe4 24. Rxe4 Qg5 25. Rg4 Qc1+ 26. Kh2 Ne7
27. Qc4+ Kf8 28. Qe6 Qxb2 29. c4 Qxf2 30. Qd7 Qb2 31. Qd6 Qc2 32. Rf4+ Ke8 33.
Qb8+ Kd7 34. Qxb7+ Ke8 35. Qb5+ Kd8 36. Rf8+ Kc7 37. c5 Nc8 38. Rf7+ Kd8 39.
Qd7# 1-0

[Event "4NCL Online Division 5"]
[Site "online"]
[Date "2020.10.20"]
[Round "5.102"]
[White "Tran, Le Gia Khuong"]
[Black "Wicks, Ben"]
[Result "0-1"]
[WhiteElo "700"]
[BlackElo "1412"]
[PlyCount "84"]
[EventDate "2020.10.20"]
[WhiteTeam "BCC Foxes"]
[BlackTeam "St Albans 3"]

1. e4 c5 2. Nf3 g6 3. Bc4 Bg7 4. d3 e6 5. Be3 d6 6. c3 Nc6 7. O-O Nf6 8. Na3
Na5 9. Bb5+ Bd7 10. Bxd7+ Qxd7 11. g3 Ng4 12. Qd2 Nxe3 13. Qxe3 O-O 14. Rfd1 b5
15. Rab1 b4 16. cxb4 cxb4 17. Nc2 Qa4 18. b3 Qxa2 19. Nxb4 Qa3 20. Nc2 Qc5 21.
Qxc5 dxc5 22. d4 cxd4 23. Nfxd4 Rac8 24. b4 Nc4 25. Rb3 Rfd8 26. f4 e5 27. fxe5
Nxe5 28. Ne3 Rxd4 29. Rxd4 Nf3+ 30. Kf2 Nxd4 31. Ra3 Nb5 32. Ra5 Nd6 33. Rxa7
Nc4 34. Nxc4 Bd4+ 35. Kf3 Bxa7 36. b5 Rxc4 37. Kf4 Bb6 38. Ke5 Rb4 39. Kd5
Rxb5+ 40. Kc6 Rb2 41. e5 Bd4 42. Kd5 Bc3 0-1

[Event "4NCL Online Division 5"]
[Site "online"]
[Date "2020.10.20"]
[Round "5.103"]
[White "Feldman, Keith"]
[Black "Panunzio, Jacopo"]
[Result "1-0"]
[WhiteElo "1330"]
[BlackElo "700"]
[PlyCount "57"]
[EventDate "2020.10.20"]
[WhiteTeam "St Albans 3"]
[BlackTeam "BCC Foxes"]

1. d4 d5 2. c4 dxc4 3. e3 Nc6 4. Bxc4 Nf6 5. Nc3 Bf5 6. Nf3 e6 7. O-O Bg4 8.
Be2 Bb4 9. a3 Bxc3 10. bxc3 O-O 11. h3 Bxf3 12. Bxf3 Qd6 13. e4 e5 14. d5 Na5
15. Qa4 Qa6 16. Re1 b5 17. Qb4 Nh5 18. Bxh5 Rad8 19. Be2 Nc6 20. dxc6 Qxc6 21.
Bxb5 Qb6 22. Be3 c5 23. Bxc5 a5 24. Bxb6 axb4 25. Bxd8 Rxd8 26. axb4 Rc8 27. f3
Rxc3 28. Ra8+ Rc8 29. Rxc8# 1-0

[Event "4NCL Online Division 5"]
[Site "online"]
[Date "2020.10.20"]
[Round "5.104"]
[White "Wang, Mark"]
[Black "Harris, Stuart"]
[Result "0-1"]
[WhiteElo "700"]
[BlackElo "1150"]
[PlyCount "78"]
[EventDate "2020.10.20"]
[WhiteTeam "BCC Foxes"]
[BlackTeam "St Albans 3"]

1. e4 e5 2. Nf3 Nc6 3. Bb5 a6 4. Ba4 Nf6 5. Nc3 d6 6. O-O Bd7 7. d3 Be7 8. Be3
O-O 9. d4 b5 10. Bb3 b4 11. Ne2 Bg4 12. d5 Na5 13. Qd3 Bxf3 14. gxf3 Nxb3 15.
Qxb3 a5 16. a4 Nh5 17. Ng3 Nf4 18. Bxf4 exf4 19. Nf5 Bg5 20. c3 Rb8 21. cxb4
Rxb4 22. Qc3 Bf6 23. Qd2 g6 24. Nh6+ Kg7 25. Qxf4 Bg5 26. Nf5+ gxf5 27. Qxf5
Qf6 28. Qd7 Qe7 29. Qc6 Rxb2 30. Qc3+ Qf6 31. Qxa5 Qxf3 32. Qc3+ Qxc3 33. Rfc1
Bxc1 34. a5 Ra8 35. a6 Qd2 36. Kg2 Qxf2+ 37. Kh3 Rb3+ 38. Kg4 Qf4+ 39. Kh5 Qg5#
0-1

[Event "4NCL Online Division 5"]
[Site "online"]
[Date "2020.10.20"]
[Round "5.111"]
[White "Oshundiya, Angelo"]
[Black "Shah, Prem C"]
[Result "1-0"]
[WhiteElo "1487"]
[BlackElo "1037"]
[PlyCount "83"]
[EventDate "2020.10.20"]
[WhiteTeam "Streatham C"]
[BlackTeam "Watford Juniors C"]

1. e4 c6 2. d4 d5 3. e5 Bf5 4. Nf3 e6 5. Bg5 Be7 6. Bc1 c5 7. Bb5+ Nc6 8. c3 c4
9. O-O f6 10. Re1 fxe5 11. Nxe5 Nf6 12. Nxc6 Qb6 13. Nxe7+ Kxe7 14. Ba4 Kf7 15.
Nd2 Rhf8 16. Nf3 Kg8 17. Nh4 Bg4 18. f3 Bh5 19. Re5 Rad8 20. Bg5 h6 21. Bxf6
Rxf6 22. Rxh5 g5 23. Rb1 e5 24. f4 exf4 25. Nf3 Qe6 26. Ne5 a6 27. Qg4 Qxg4 28.
Nxg4 Rg6 29. Nxh6+ Kg7 30. Ng4 b5 31. Bc2 Re6 32. Rxg5+ Kf7 33. Rf5+ Ke7 34.
Ne5 Rf8 35. Rg5 Kf6 36. Rg6+ Ke7 37. Re1 Kd8 38. Rxe6 Rg8 39. Rxa6 Kc7 40. Rc6+
Kb7 41. Rc5 Kb6 42. Rxd5 1-0

[Event "4NCL Online Division 5"]
[Site "online"]
[Date "2020.10.20"]
[Round "5.112"]
[White "Balakrishnan, Akshata"]
[Black "Isaacs, Ruairi"]
[Result "0-1"]
[WhiteElo "700"]
[BlackElo "1465"]
[PlyCount "90"]
[EventDate "2020.10.20"]
[WhiteTeam "Watford Juniors C"]
[BlackTeam "Streatham C"]

1. e4 d5 2. exd5 e6 3. dxe6 Bxe6 4. d4 c6 5. Nf3 Nf6 6. Nc3 Na6 7. Bf4 Nc7 8.
Bc4 Bxc4 9. Qd2 Ncd5 10. O-O-O Nxf4 11. g3 N4d5 12. Nxd5 Nxd5 13. Rde1+ Be7 14.
Rhf1 Bxf1 15. Rxf1 Nb6 16. d5 Nc4 17. Qd3 cxd5 18. Qxc4 dxc4 19. b3 cxb3 20.
cxb3 Rc8+ 21. Kb1 Qd2 22. Nxd2 Rd8 23. Rd1 O-O 24. Ka1 Bf6+ 25. Kb1 Rd7 26. b4
Rfd8 27. Kc1 Bg5 28. Kb1 Rxd2 29. Rxd2 Rxd2 30. f4 Bf6 31. h4 Kf8 32. g4 Ke8
33. Kc1 Rh2 34. g5 Be7 35. f5 Bxb4 36. f6 g6 37. h5 Kd7 38. Kd1 Ke6 39. hxg6
hxg6 40. a3 Ba5 41. a4 Ke5 42. Kc1 Kd4 43. Kd1 Kd3 44. Kc1 Rg2 45. Kd1 Rg1# 0-1

[Event "4NCL Online Division 5"]
[Site "online"]
[Date "2020.10.20"]
[Round "5.113"]
[White "Adatia, Amar"]
[Black "Naren, Riyanna"]
[Result "1-0"]
[WhiteElo "1375"]
[BlackElo "700"]
[PlyCount "61"]
[EventDate "2020.10.20"]
[WhiteTeam "Streatham C"]
[BlackTeam "Watford Juniors C"]

1. d4 b6 2. c4 c5 3. Nf3 cxd4 4. Nxd4 f6 5. Nc3 e5 6. Nc2 d5 7. Nxd5 f5 8. e3
a6 9. g3 b5 10. cxb5 axb5 11. Bg2 Bb7 12. O-O Bxd5 13. Bxd5 Ne7 14. Bf7+ Kxf7
15. Qxd8 Nec6 16. Qc7+ Be7 17. Bd2 Na6 18. Qxc6 Nb8 19. Qxa8 Nd7 20. Qd5+ Ke8
21. Bb4 Nb6 22. Qxb5+ Nd7 23. Bxe7 Kxe7 24. Rfd1 Nf6 25. Qb7+ Ke6 26. Qc6+ Ke7
27. Qc7+ Kf8 28. Rd8+ Ne8 29. Qd6+ Kg8 30. Rxe8+ Kf7 31. Qe6# 1-0

[Event "4NCL Online Division 5"]
[Site "online"]
[Date "2020.10.20"]
[Round "5.114"]
[White "Karthik, Trivikraman"]
[Black "Yordanov, Denislav"]
[Result "0-1"]
[WhiteElo "700"]
[BlackElo "1352"]
[PlyCount "60"]
[EventDate "2020.10.20"]
[WhiteTeam "Watford Juniors C"]
[BlackTeam "Streatham C"]

1. e4 e5 2. Bc4 Nf6 3. Nc3 Nxe4 4. Nxe4 d5 5. Bxd5 Qxd5 6. Ng3 Qxg2 7. Ke2 Bg4+
8. Nf3 Bxf3+ 9. Ke1 Bxd1 10. Kxd1 Nc6 11. d4 Qxf2 12. Nf5 Qxf5 13. dxe5 Nxe5
14. Be3 Qf3+ 15. Kc1 Qxh1+ 16. Kd2 Qxa1 17. Kc3 Qxa2 18. Kd2 Qxb2 19. Bf4 Qd4+
20. Ke2 Qxf4 21. c4 Qxh2+ 22. Ke3 Nxc4+ 23. Kf3 O-O-O 24. Ke4 Bc5 25. Kf5 Rhe8
26. Kg5 Be3+ 27. Kf5 Re5+ 28. Kg4 Qf4+ 29. Kh3 Rh5+ 30. Kg2 Rd2# 0-1

[Event "4NCL Online Division 5"]
[Site "online"]
[Date "2020.10.20"]
[Round "5.121"]
[White "Foister, Steven A M"]
[Black "Hall, John"]
[Result "1-0"]
[WhiteElo "2175"]
[BlackElo "1979"]
[PlyCount "88"]
[EventDate "2020.10.20"]
[WhiteTeam "Maidenhead 1"]
[BlackTeam "Spirit of Atticus B"]

1. e4 d6 2. Nc3 Nf6 3. f4 c5 4. Nf3 Nc6 5. Be2 g6 6. O-O Bg7 7. d3 O-O 8. h3
Rb8 9. a3 b5 10. Nd5 Nxd5 11. exd5 Nd4 12. Nxd4 Bxd4+ 13. Kh1 e6 14. c3 Bg7 15.
Bf3 Bb7 16. dxe6 fxe6 17. Qb3 Qf6 18. Bg4 Bd5 19. Qc2 h5 20. Bf3 Bxf3 21. Rxf3
Qf5 22. Be3 a6 23. Rd1 Rbc8 24. Qe2 d5 25. d4 c4 26. Re1 Rfe8 27. Rg3 Bh6 28.
Bc1 Kf7 29. Qf3 Bg7 30. Rg5 Qd3 31. Qxd3 cxd3 32. Rg3 a5 33. Rxd3 b4 34. axb4
axb4 35. Be3 bxc3 36. Rxc3 Rxc3 37. bxc3 Rc8 38. Bd2 Rb8 39. g4 hxg4 40. hxg4
Rb2 41. Re2 Bh6 42. Rf2 Ke7 43. Kg2 Bg7 44. Kf3 Rb4 1-0

[Event "4NCL Online Division 5"]
[Site "online"]
[Date "2020.10.20"]
[Round "5.122"]
[White "Bimpson, Tom"]
[Black "Milnes, Anthony C P"]
[Result "0-1"]
[WhiteElo "1943"]
[BlackElo "1960"]
[PlyCount "68"]
[EventDate "2020.10.20"]
[WhiteTeam "Spirit of Atticus B"]
[BlackTeam "Maidenhead 1"]

1. d4 e6 2. Nf3 f5 3. Bf4 Nf6 4. e3 Be7 5. h3 b6 6. Nbd2 Bb7 7. Bd3 O-O 8. Qe2
Ne4 9. O-O-O a5 10. Rhg1 Na6 11. a3 Bd6 12. Bxd6 Nxd6 13. g4 Qe7 14. gxf5 exf5
15. Rg3 Ne4 16. Bxe4 fxe4 17. Ne5 d6 18. Ng4 Kh8 19. Rdg1 Bc6 20. Qc4 Bd7 21.
h4 b5 22. Qd5 Rae8 23. h5 c6 24. Qb3 a4 25. Qc3 Rb8 26. h6 b4 27. hxg7+ Qxg7
28. Qc4 bxa3 29. bxa3 d5 30. Qxa6 Qe7 31. Ne5 Qxa3+ 32. Kd1 Rxf2 33. Rg8+ Rxg8
34. Rg7 Qa1+ 0-1

[Event "4NCL Online Division 5"]
[Site "online"]
[Date "2020.10.20"]
[Round "5.123"]
[White "Smith, Nigel D"]
[Black "Buckley, Colm"]
[Result "1/2-1/2"]
[WhiteElo "1960"]
[BlackElo "2012"]
[PlyCount "141"]
[EventDate "2020.10.20"]
[WhiteTeam "Maidenhead 1"]
[BlackTeam "Spirit of Atticus B"]

1. b3 d5 2. Bb2 c5 3. e3 Nc6 4. Nf3 e6 5. Bb5 Nf6 6. O-O Be7 7. Bxc6+ bxc6 8.
Ne5 Qc7 9. d3 O-O 10. f4 Nd7 11. Nd2 f6 12. Nxd7 Bxd7 13. e4 Bd6 14. Qf3 Be8
15. Qg3 e5 16. fxe5 Bxe5 17. Bxe5 Qxe5 18. Qxe5 fxe5 19. Rxf8+ Kxf8 20. Rf1+
Ke7 21. Rf5 Kd6 22. Nf3 Bg6 23. Rxe5 Rf8 24. Rg5 dxe4 25. dxe4 Bxe4 26. Rxg7
Bxc2 27. Rxa7 Bd3 28. a4 c4 29. bxc4 Bxc4 30. Rxh7 Ra8 31. Rh6+ Kc5 32. a5 Rxa5
33. Rh5+ Bd5 34. Kf2 Kd6 35. Ke3 c5 36. Rh6+ Ke7 37. Ne5 Ra3+ 38. Kd2 Bxg2 39.
h4 Bd5 40. Nd3 c4 41. Ne5 c3+ 42. Kd3 Be6 43. Nc6+ Kf7 44. Nd4 Ba2 45. Rc6 Bb1+
46. Ke2 Ra2+ 47. Kd1 Rd2+ 48. Kc1 Be4 49. Rxc3 Rxd4 50. Rc5 Kg6 51. h5+ Kh6 52.
Kb2 Bf3 53. Kc3 Rd6 54. Ra5 Bxh5 55. Kc4 Bf7+ 56. Kc3 Kg6 57. Kc2 Kf6 58. Kc3
Bd5 59. Kd4 Ke6 60. Ke3 Ke5 61. Kd3 Rh6 62. Kc3 Rh4 63. Kd3 Rh3+ 64. Kc2 Kd4
65. Rb5 Rh2+ 66. Kb1 Kc3 67. Rxd5 Rh1+ 68. Ka2 Rh2+ 69. Ka3 Rh8 70. Rc5+ Kd4
71. Rc7 1/2-1/2

[Event "4NCL Online Division 5"]
[Site "online"]
[Date "2020.10.20"]
[Round "5.124"]
[White "Robertson, David J"]
[Black "Kapoor, Gurveen"]
[Result "1-0"]
[WhiteElo "1930"]
[BlackElo "1877"]
[PlyCount "162"]
[EventDate "2020.10.20"]
[WhiteTeam "Spirit of Atticus B"]
[BlackTeam "Maidenhead 1"]

1. e4 c5 2. Nf3 e6 3. d4 cxd4 4. Nxd4 Nf6 5. Bd3 d6 6. O-O Be7 7. Nc3 a6 8. a4
O-O 9. Be3 Qc7 10. a5 Nbd7 11. Nb3 b5 12. axb6 Nxb6 13. Qe2 Qb7 14. Na5 Qc7 15.
Kh1 d5 16. Bxb6 Qxb6 17. exd5 Qxb2 18. Na4 Qb8 19. Nc6 Qc7 20. Nxe7+ Qxe7 21.
Nb6 Rb8 22. Nxc8 Rfxc8 23. Bxa6 Rc5 24. dxe6 fxe6 25. Rab1 Rxb1 26. Rxb1 Nd7
27. Bc4 Re5 28. Qd2 Nf8 29. h3 Qc5 30. Bd3 Qc7 31. Qb4 h6 32. Ra1 Qf7 33. f3
Qf6 34. Ra8 h5 35. Be4 h4 36. f4 Rh5 37. f5 Rxf5 38. Bxf5 exf5 39. Qc4+ Kh7 40.
Ra6 Qe7 41. Qd3 Qe1+ 42. Kh2 Qe5+ 43. Kg1 Ng6 44. Ra4 Qe1+ 45. Qf1 Qe5 46. Rc4
Qe3+ 47. Qf2 Qe6 48. Rc5 f4 49. Qd2 Qb6 50. Qf2 Qf6 51. Rh5+ Kg8 52. Qc5 f3 53.
Qd5+ Qf7 54. Qxf7+ Kxf7 55. Rf5+ Ke6 56. Rxf3 Ne5 57. Re3 Kd5 58. Kf2 Nc6 59.
Rd3+ Ke4 60. Rd6 Ne5 61. Re6 Kf4 62. Rxe5 Kxe5 63. Kf3 Kd4 64. Kg4 Kc3 65. Kxh4
Kxc2 66. Kg5 Kd3 67. h4 Ke3 68. h5 Kf2 69. g4 Kg2 70. h6 g6 71. Kxg6 Kg3 72. g5
Kg4 73. Kf6 Kh4 74. h7 Kh5 75. g6 Kg4 76. g7 Kf4 77. h8=Q Kf3 78. g8=Q Kf4 79.
Qg5+ Kf3 80. Qh3+ Ke2 81. Qgg2+ Kd1 1-0

[Event "4NCL Online Division 5"]
[Site "online"]
[Date "2020.10.20"]
[Round "5.131"]
[White "Winser, Frederick"]
[Black "Vig, Sanjay"]
[Result "1-0"]
[WhiteElo "1300"]
[BlackElo "1562"]
[PlyCount "59"]
[EventDate "2020.10.20"]
[WhiteTeam "Manchester Juniors C"]
[BlackTeam "Watford 3"]

1. e4 d5 2. d3 dxe4 3. d4 Nf6 4. c3 e5 5. Be3 Ng4 6. Be2 Nxe3 7. fxe3 Qg5 8.
Qd2 Qxg2 9. Bb5+ c6 10. Bxc6+ Nxc6 11. Qxg2 f5 12. Nd2 Be6 13. O-O-O Bxa2 14.
Qg5 g6 15. Qf6 Rg8 16. b3 Be7 17. Qe6 Kf8 18. Kb2 exd4 19. exd4 Nd8 20. Qc4 e3
21. Ndf3 Nf7 22. Kxa2 Nd6 23. Qd5 a5 24. Re1 f4 25. Ne5 Rd8 26. c4 Rg7 27. Ngf3
Bf6 28. Nd3 b6 29. Nxf4 Nf5 30. Ne6+ 1-0

[Event "4NCL Online Division 5"]
[Site "online"]
[Date "2020.10.20"]
[Round "5.132"]
[White "Tathare, Sandesh"]
[Black "Eccleston, Rowan"]
[Result "1-0"]
[WhiteElo "1540"]
[BlackElo "1187"]
[PlyCount "79"]
[EventDate "2020.10.20"]
[WhiteTeam "Watford 3"]
[BlackTeam "Manchester Juniors C"]

1. e4 e6 2. c4 d5 3. cxd5 exd5 4. Qb3 c6 5. exd5 cxd5 6. d4 Nc6 7. Nf3 Nf6 8.
Bg5 Be7 9. Bd3 O-O 10. O-O Bd6 11. Nc3 Qa5 12. Bxf6 gxf6 13. Nxd5 Be6 14. Bc4
Kg7 15. Ne3 Bg4 16. Nxg4 Qc7 17. h3 Na5 18. Qd3 Nxc4 19. b3 Nb6 20. Ne3 Rfe8
21. Nf5+ Kh8 22. Rac1 Qd7 23. Nxd6 Qxd6 24. Rc5 Nd5 25. Nh4 Re6 26. Nf5 Qd7 27.
Ne3 Nf4 28. Qd1 b6 29. Rf5 Re4 30. Qf3 Qxd4 31. Rxf4 Rae8 32. Rxf6 Rxe3 33.
fxe3 Rxe3 34. Qa8+ Kg7 35. Rxf7+ Kh6 36. Qf8+ Kh5 37. Rxh7+ Kg6 38. Qg8+ Qg7
39. Rxg7+ Kh5 40. Qh8# 1-0

[Event "4NCL Online Division 5"]
[Site "online"]
[Date "2020.10.20"]
[Round "5.133"]
[White "Sheehy, Lewis"]
[Black "Hylands, Keith"]
[Result "0-1"]
[WhiteElo "1127"]
[BlackElo "1360"]
[PlyCount "28"]
[EventDate "2020.10.20"]
[WhiteTeam "Manchester Juniors C"]
[BlackTeam "Watford 3"]

1. e4 e5 2. Nf3 Nc6 3. Bc4 Bc5 4. Nc3 Nf6 5. O-O O-O 6. d3 d6 7. Bg5 Be6 8.
Bxe6 fxe6 9. Qd2 Qe8 10. Bxf6 Rxf6 11. Qg5 Rg6 12. Qd2 Qf7 13. Na4 Qxf3 14.
Nxc5 Qxg2# 0-1

[Event "4NCL Online Division 5"]
[Site "online"]
[Date "2020.10.20"]
[Round "5.134"]
[White "Nagesh, Poornima"]
[Black "Fung, Marcus"]
[Result "0-1"]
[WhiteElo "1300"]
[BlackElo "1037"]
[PlyCount "20"]
[EventDate "2020.10.20"]
[WhiteTeam "Watford 3"]
[BlackTeam "Manchester Juniors C"]

1. Nc3 d5 2. Nf3 Bf5 3. d4 e6 4. e3 c5 5. Bb5+ Nc6 6. O-O c4 7. Ne5 Qc7 8. g4
Bg6 9. Nxg6 hxg6 10. e4 Qxh2# 0-1

[Event "4NCL Online Division 5"]
[Site "online"]
[Date "2020.10.20"]
[Round "5.141"]
[White "Mason, Ian C"]
[Black "Foale, Ron"]
[Result "1-0"]
[WhiteElo "1897"]
[BlackElo "1667"]
[PlyCount "113"]
[EventDate "2020.10.20"]
[WhiteTeam "Grangemouth Gambiteers"]
[BlackTeam "Uxbridge Bombers A"]

1. d4 d5 2. c4 c6 3. Nf3 Nf6 4. Nc3 Bf5 5. e3 Nbd7 6. Be2 h6 7. cxd5 cxd5 8.
O-O a6 9. Re1 e6 10. Qb3 b5 11. a3 Bd6 12. h3 O-O 13. Bd2 Ne4 14. Red1 Nxd2 15.
Rxd2 Nf6 16. Rdd1 Ne4 17. Rac1 Qe7 18. Bf1 Rfb8 19. Ne2 Rc8 20. Nf4 g5 21. Nd3
g4 22. hxg4 Bxg4 23. Be2 Bxf3 24. Bxf3 Qh4 25. Bxe4 dxe4 26. Ne5 Qh5 27. f4 Kh7
28. Nd7 Qg6 29. Rxc8 Rxc8 30. Ne5 Qh5 31. Rf1 Rg8 32. Qc2 Rg7 33. Qxe4+ Kh8 34.
Qf3 Qh4 35. Rc1 Bxe5 36. dxe5 Qd8 37. Rd1 Qc7 38. Qa8+ Rg8 39. Qe4 Rd8 40.
Rxd8+ Qxd8 41. Qf3 Qh4 42. Qf2 Qg4 43. Qf3 Qxf3 44. gxf3 Kg7 45. Kh2 Kf8 46.
Kh3 Kg7 47. Kh4 f6 48. b4 f5 49. Kh5 Kh7 50. e4 fxe4 51. fxe4 Kg7 52. f5 Kh7
53. f6 Kg8 54. Kxh6 Kf7 55. Kg5 Kf8 56. Kf4 Kf7 57. Ke3 1-0

[Event "4NCL Online Division 5"]
[Site "online"]
[Date "2020.10.20"]
[Round "5.142"]
[White "Foster, Brian E"]
[Black "Will, Douglas"]
[Result "0-1"]
[WhiteElo "1630"]
[BlackElo "1828"]
[PlyCount "80"]
[EventDate "2020.10.20"]
[WhiteTeam "Uxbridge Bombers A"]
[BlackTeam "Grangemouth Gambiteers"]

1. c4 e5 2. e4 Nc6 3. d3 Bc5 4. Nf3 d6 5. Nc3 a6 6. Be2 h6 7. O-O Nf6 8. Nd5
O-O 9. Be3 Nd4 10. Nxd4 Bxd4 11. Bxd4 exd4 12. Nxf6+ Qxf6 13. f4 Bd7 14. Bg4
Rad8 15. Bxd7 Rxd7 16. Qg4 Re7 17. f5 c6 18. Rae1 Rfe8 19. Rf2 d5 20. cxd5 cxd5
21. Rfe2 dxe4 22. Rxe4 Kf8 23. b3 Re5 24. Rxe5 Rxe5 25. Rxe5 Qxe5 26. Qe4 Qxe4
27. dxe4 Ke7 28. Kf2 Kd6 29. Ke2 h5 30. Kd3 Ke5 31. g3 g6 32. fxg6 fxg6 33. h4
a5 34. a3 b5 35. a4 b4 36. Kd2 Kxe4 37. Ke2 d3+ 38. Kd2 Kd4 39. Ke1 Kc3 40. Kd1
d2 0-1

[Event "4NCL Online Division 5"]
[Site "online"]
[Date "2020.10.20"]
[Round "5.143"]
[White "Sandham, Alasdair"]
[Black "Nandi, Asoke K"]
[Result "0-1"]
[WhiteElo "1361"]
[BlackElo "1562"]
[PlyCount "100"]
[EventDate "2020.10.20"]
[WhiteTeam "Grangemouth Gambiteers"]
[BlackTeam "Uxbridge Bombers A"]

1. d4 d5 2. Bf4 Nf6 3. e3 e6 4. Nf3 Nbd7 5. c4 c5 6. Nc3 a6 7. cxd5 exd5 8.
dxc5 Bxc5 9. Nxd5 Nxd5 10. Qxd5 Qa5+ 11. Nd2 O-O 12. a3 Nf6 13. Qf3 Rd8 14. Qe2
Ne4 15. Rd1 Bf5 16. b4 Bxb4 17. axb4 Qxb4 18. Bc7 Rd7 19. Qc4 Qxc4 20. Nxc4
Rxc7 21. Nb6 Rf8 22. Bd3 g6 23. f3 Nd6 24. Bxa6 bxa6 25. Rxd6 Rc1+ 26. Rd1
Rxd1+ 27. Kxd1 Rb8 28. Kd2 Rxb6 29. e4 Be6 30. Kc3 a5 31. Ra1 Ra6 32. Ra4 Bd7
33. Rd4 Ra7 34. Kc4 a4 35. Rd1 a3 36. Ra1 Be6+ 37. Kb4 a2 38. Kc3 Rb7 39. Kc2
Rd7 40. Kc3 Rc7+ 41. Kb2 Rc5 42. Rd1 Rb5+ 43. Ka1 Rb3 44. Rc1 Rd3 45. Rg1 Rd2
46. h3 Rf2 47. h4 h6 48. e5 Kg7 49. g4 Rxf3 50. h5 g5 0-1

[Event "4NCL Online Division 5"]
[Site "online"]
[Date "2020.10.20"]
[Round "5.144"]
[White "Smith, Richard"]
[Black "Whitton, Nicholas"]
[Result "1-0"]
[WhiteElo "1517"]
[BlackElo "1052"]
[PlyCount "113"]
[EventDate "2020.10.20"]
[WhiteTeam "Uxbridge Bombers A"]
[BlackTeam "Grangemouth Gambiteers"]

1. c4 e5 2. Nc3 Nf6 3. e3 d5 4. cxd5 Nxd5 5. Nge2 Nxc3 6. Nxc3 Nc6 7. g3 Bc5 8.
a3 O-O 9. Bg2 Bd7 10. b4 Bb6 11. Bb2 Qg5 12. O-O Bg4 13. Qc2 f5 14. Nd5 e4 15.
Nf4 Rae8 16. Qc4+ Kh8 17. Ne6 Rxe6 18. Qxe6 Qd8 19. Bc3 Be2 20. Rfe1 Bf3 21. b5
Na5 22. Bf1 c5 23. bxc6 Nxc6 24. Qa2 Ba5 25. Qb2 Bxc3 26. Qxc3 Qe8 27. Rab1 b6
28. Rb5 Rf7 29. Bc4 Re7 30. Rxf5 Ne5 31. d4 Bg4 32. Rxe5 Rxe5 33. dxe5 b5 34.
Bf1 a6 35. Qd4 h6 36. Qxe4 Qe6 37. Rc1 g6 38. Qa8+ Kg7 39. Rc7+ Qf7 40. Rxf7+
Kxf7 41. Qb7+ Ke6 42. f4 g5 43. Qc8+ Kd5 44. Qxg4 h5 45. Qxg5 b4 46. axb4 Ke4
47. e6 a5 48. bxa5 h4 49. gxh4 Kf3 50. h5 Ke4 51. h6 Kf3 52. h7 Kxe3 53. f5+
Ke4 54. e7 Kf3 55. Qg3+ Ke4 56. e8=Q+ Kxf5 57. Qeg6# 1-0

[Event "4NCL Online Division 5"]
[Site "online"]
[Date "2020.10.20"]
[Round "5.151"]
[White "Fink-Nunn, Petra"]
[Black "Clynes, Chris"]
[Result "1-0"]
[WhiteElo "2042"]
[BlackElo "1457"]
[PlyCount "57"]
[EventDate "2020.10.20"]
[WhiteTeam "Bude Surfers"]
[BlackTeam "Bishop Knights"]

1. e4 c5 2. Nf3 d6 3. d4 cxd4 4. Nxd4 Nf6 5. Nc3 a6 6. Be3 e6 7. f3 Be7 8. g4
Nc6 9. Qd2 O-O 10. O-O-O Bd7 11. h4 Rc8 12. h5 d5 13. g5 Ne8 14. Rg1 g6 15.
hxg6 fxg6 16. exd5 Nxd4 17. Bxd4 Rxf3 18. Be2 Rf5 19. Be3 e5 20. Bd3 Rf7 21.
Rdf1 Nd6 22. Qh2 Rxf1+ 23. Bxf1 Nf7 24. Rh1 Nxg5 25. Qxe5 Nf7 26. Qh2 Ng5 27.
Kb1 h5 28. Bd3 Kh7 29. Qxh5+ 1-0

[Event "4NCL Online Division 5"]
[Site "online"]
[Date "2020.10.20"]
[Round "5.152"]
[White "Gatenby, Thomas"]
[Black "Constable, Christine F"]
[Result "1-0"]
[WhiteElo "1225"]
[BlackElo "1615"]
[PlyCount "91"]
[EventDate "2020.10.20"]
[WhiteTeam "Bishop Knights"]
[BlackTeam "Bude Surfers"]

1. c4 Nf6 2. Nc3 g6 3. g3 Bg7 4. Bg2 d6 5. d4 O-O 6. Nf3 Nbd7 7. O-O c6 8. e4
e5 9. Qe2 exd4 10. Nxd4 Re8 11. Be3 Nc5 12. f3 Bd7 13. Rad1 Qc8 14. Nb3 Nxb3
15. axb3 Qc7 16. Qd3 Be6 17. Qxd6 Qxd6 18. Rxd6 Bf8 19. Rd2 Bb4 20. Rfd1 a5 21.
Rd3 h5 22. Ne2 Bf8 23. h4 Bg7 24. Nf4 Bh6 25. Kf2 Bxf4 26. Bxf4 a4 27. bxa4
Bxc4 28. Ra3 Nh7 29. a5 Nf8 30. Raa1 Ne6 31. Be3 Bb5 32. b4 Rad8 33. Bh3 Bc4
34. Rac1 Bb3 35. Rxd8 Rxd8 36. a6 bxa6 37. Rxc6 Rb8 38. Rxa6 Rxb4 39. Bd2 Rb8
40. Ra3 Bc4 41. Bc3 Nc5 42. Be5 Rd8 43. Bf6 Rd2+ 44. Ke3 Rc2 45. Ra8+ Kh7 46.
Rh8# 1-0

[Event "4NCL Online Division 5"]
[Site "online"]
[Date "2020.10.20"]
[Round "5.153"]
[White "Richards, Maurice A"]
[Black "Coates, Ryan"]
[Result "0-1"]
[WhiteElo "1577"]
[BlackElo "1225"]
[PlyCount "98"]
[EventDate "2020.10.20"]
[WhiteTeam "Bude Surfers"]
[BlackTeam "Bishop Knights"]

1. c4 g6 2. Nc3 Bg7 3. e4 e6 4. d4 Ne7 5. Nf3 d5 6. cxd5 exd5 7. e5 Bg4 8. Be2
b6 9. h3 Be6 10. b4 Nd7 11. O-O O-O 12. Bf4 c5 13. bxc5 bxc5 14. dxc5 Nxc5 15.
Re1 Nf5 16. Nd4 Nxd4 17. Qxd4 Rc8 18. Bf3 f6 19. Rad1 fxe5 20. Bxe5 Rxf3 21.
Bxg7 Bxh3 22. Bh6 Rf7 23. Nxd5 Be6 24. Qe5 Bxd5 25. Rxd5 Qh4 26. g3 Qxh6 27.
Rxc5 Rxc5 28. Qxc5 Qd2 29. Re8+ Kg7 30. Qe5+ Kh6 31. f4 Qd1+ 32. Kh2 Qc2+ 33.
Kh3 Rf5 34. Qe2 Rh5+ 35. Kg2 Qc6+ 36. Re4 Rc5 37. Kf3 Rc3+ 38. Kg4 Qd5 39. Qh2+
Kg7 40. Re7+ Kf6 41. Qh4+ g5 42. Qxg5+ Qxg5+ 43. fxg5+ Kxe7 44. Kh5 Rxg3 45.
Kh6 Rh3+ 46. Kg7 Ke6 47. a4 Kf5 48. Kf7 Kxg5 49. Ke7 Rb3 0-1

[Event "4NCL Online Division 5"]
[Site "online"]
[Date "2020.10.20"]
[Round "5.154"]
[White "Clynes, Jamie"]
[Black "Russell, Lloyd"]
[Result "0-1"]
[WhiteElo "850"]
[BlackElo "1195"]
[PlyCount "102"]
[EventDate "2020.10.20"]
[WhiteTeam "Bishop Knights"]
[BlackTeam "Bude Surfers"]

1. e4 c6 2. Nc3 d5 3. d3 Nf6 4. Be2 e5 5. Nf3 Nbd7 6. d4 dxe4 7. Nxe5 Nxe5 8.
dxe5 Qxd1+ 9. Bxd1 Nd7 10. Bg4 Nxe5 11. Bxc8 Rxc8 12. Nxe4 Rd8 13. O-O Bd6 14.
Bf4 O-O 15. Rad1 Bb8 16. Rfe1 Nf3+ 17. gxf3 Bxf4 18. c3 Rfe8 19. Rd4 Rxd4 20.
cxd4 Kf8 21. b4 f5 22. Kf1 fxe4 23. fxe4 Bxh2 24. Re3 Bd6 25. a4 Bxb4 26. Rb3
a5 27. f3 h5 28. d5 cxd5 29. exd5 Rd8 30. Rd3 Ke7 31. f4 Kd6 32. Kg2 Kc5 33.
Rh3 Rxd5 34. Kf3 Rd3+ 35. Kg2 Rxh3 36. Kxh3 Bd2 37. f5 b5 38. axb5 Kxb5 39. Kh4
a4 40. Kxh5 a3 41. Kg6 a2 42. Kxg7 a1=Q+ 43. f6 Qa7+ 44. f7 Bc3+ 45. Kf8 Bb4+
46. Kg7 Qe7 47. Kg6 Kc6 48. Kg7 Kd7 49. Kg6 Ke6 50. Kg7 Qxf7+ 51. Kh6 Bd2# 0-1